000 00305nam a2200121 a 4500
008 101209s2008|||| d
100 1 _aRemišová, A.
245 1 0 _aDejiny etického myslenia v Európe a v USA
260 _bKaligram
_aBratislava
_c2008
020 _c896
041 _aslo
044 _axo
_cSK
999 _c15038
_d15038